[Event "24th ch-EUR Indiv w 2024"]
[Site "Rhodes GRE"]
[Date "2024.04.20"]
[Round "2.7"]
[White "Ushenina, Anna"]
[Black "Terbe, Julianna"]
[Result "1-0"]
[WhiteTitle "GM"]
[BlackTitle "WIM"]
[WhiteElo "2418"]
[BlackElo "2274"]
[WhiteFideId "14110911"]
[BlackFideId "708780"]
[EventDate "2024.04.19"]

1. d4 d5 2. c4 c6 3. cxd5 cxd5 4. Bg5 Nc6 5. Nc3 Qb6 6. e4 e6 7. exd5 exd5 8.
Bb5 Be6 9. Nge2 h6 10. Bf4 Nf6 11. O-O Be7 12. Be5 O-O 13. Nf4 a6 14. Bd3 Rac8
15. Na4 Qa5 16. a3 b5 17. Nc3 Qd8 18. Qf3 Qd7 19. Rfe1 Bg4 20. Qg3 Nxe5 21. dxe5
Nh5 22. Nxh5 Bxh5 23. Ne2 Bxe2 24. Rxe2 Bc5 25. Rae1 Qe6 26. Kh1 Rc6 27. Bb1 f5
28. exf6 Qxf6 29. Qd3 Rd8 30. Qh7+ Kf7 31. h3 Rc7 32. Bf5 Re7 33. Rxe7+ Bxe7 34.
Bg6+ Qxg6 35. Rxe7+ 1-0

[Event "24th ch-EUR Indiv w 2024"]
[Site "Rhodes GRE"]
[Date "2024.04.20"]
[Round "2.8"]
[White "Schulze, Lara"]
[Black "Atalik, Ekaterina"]
[Result "1/2-1/2"]
[WhiteTitle "FM"]
[BlackTitle "IM"]
[WhiteElo "2290"]
[BlackElo "2406"]
[WhiteFideId "12956830"]
[BlackFideId "4130189"]
[EventDate "2024.04.19"]

1. e4 c6 2. Nf3 d5 3. Nc3 dxe4 4. Nxe4 Nf6 5. Qe2 Nxe4 6. Qxe4 Qd5 7. Qf4 Qf5 8.
Qe3 Qe6 9. b3 Qxe3+ 10. fxe3 Bf5 11. Bb2 Nd7 12. O-O-O e6 13. Re1 Bg4 14. Be2
Bxf3 15. Bxf3 Rg8 16. e4 e5 17. Bg4 Bd6 18. Rhf1 f6 19. Bf5 Ke7 20. Rf3 h6 21.
h4 Rad8 22. h5 Nc5 23. d3 Ne6 24. Bxe6 Kxe6 25. Kd1 Rge8 26. Ke2 Bc5 27. Bc1 Rd7 1/2-1/2

[Event "24th ch-EUR Indiv w 2024"]
[Site "Rhodes GRE"]
[Date "2024.04.20"]
[Round "2.9"]
[White "Beydullayeva, Govhar"]
[Black "Velikic, Adela"]
[Result "1-0"]
[WhiteTitle "WGM"]
[BlackTitle "WIM"]
[WhiteElo "2402"]
[BlackElo "2258"]
[WhiteFideId "13413015"]
[BlackFideId "913553"]
[EventDate "2024.04.19"]

1. d4 d5 2. c4 e6 3. Nf3 Nf6 4. Nc3 Nbd7 5. cxd5 exd5 6. Qc2 Bb4 7. Bf4 O-O 8.
e3 c5 9. Be2 Bxc3+ 10. bxc3 c4 11. O-O Re8 12. Nd2 Nf8 13. Rfe1 Ng6 14. Bg3 Bd7
15. Bf3 Bc6 16. h4 h5 17. e4 dxe4 18. Nxe4 Nxe4 19. Bxe4 Bxe4 20. Rxe4 Qd5 21.
Rae1 Rxe4 22. Qxe4 Qxe4 23. Rxe4 f5 24. Re2 f4 25. Bh2 Kf7 26. Rb2 b6 27. Rb5
Rh8 28. Bxf4 a6 29. Rd5 Nxf4 30. Rf5+ Kg6 31. Rxf4 Re8 32. Kf1 b5 33. a3 a5 34.
Rf3 Re4 35. g3 b4 36. cxb4 axb4 37. axb4 Rxd4 38. Rc3 Kf5 39. Ke2 Ke5 40. f3 Kd5
41. Ra3 c3 42. Rxc3 Rxb4 43. Rc7 g6 44. Re7 Rb3 45. Kf2 Ra3 46. Re4 Rb3 47. g4
hxg4 48. Rxg4 Rb6 49. Rg5+ Kd4 50. Kg3 Rf6 51. Kg4 Ke3 52. Re5+ Kf2 53. f4 Ra6
54. h5 gxh5+ 55. Rxh5 Ra4 56. Rh3 Ra8 57. f5 Kg2 58. Rb3 1-0

[Event "24th ch-EUR Indiv w 2024"]
[Site "Rhodes GRE"]
[Date "2024.04.20"]
[Round "2.10"]
[White "Urh, Zala"]
[Black "Narva, Mai"]
[Result "0-1"]
[WhiteTitle "WIM"]
[BlackTitle "IM"]
[WhiteElo "2263"]
[BlackElo "2401"]
[WhiteFideId "14611481"]
[BlackFideId "4500512"]
[EventDate "2024.04.19"]

1. d4 d5 2. c4 dxc4 3. Nf3 a6 4. a4 Nc6 5. e4 Bg4 6. Be3 e5 7. d5 Na5 8. Nc3 Nf6
9. Qc2 Bxf3 10. gxf3 Bd6 11. Rg1 Nh5 12. Rg4 O-O 13. h4 Kh8 14. Rd1 h6 15. Bg2
Qf6 16. Ne2 b5 17. Qc3 Nb3 18. Kf1 Rae8 19. Kg1 Qe7 20. f4 exf4 21. Bxf4 f5 22.
Rg6 Nxf4 23. Rxh6+ Kg8 24. Nxf4 Bxf4 25. Re6 Qxh4 26. exf5 Qh2+ 27. Kf1 Qh5 28.
Bf3 Qxf5 29. Be4 Qh5 0-1

[Event "24th ch-EUR Indiv w 2024"]
[Site "Rhodes GRE"]
[Date "2024.04.20"]
[Round "2.11"]
[White "Danielian, Elina"]
[Black "Hakimifard, Ghazal"]
[Result "1/2-1/2"]
[WhiteTitle "GM"]
[BlackTitle "WGM"]
[WhiteElo "2397"]
[BlackElo "2253"]
[WhiteFideId "13300210"]
[BlackFideId "12506540"]
[EventDate "2024.04.19"]

1. d4 Nf6 2. c4 e6 3. Nc3 Bb4 4. Qc2 O-O 5. e4 d5 6. e5 Ne4 7. Bd3 c5 8. Nf3
cxd4 9. Nxd4 Nd7 10. Bf4 Qh4 11. g3 Qh5 12. O-O g5 13. cxd5 gxf4 14. Bxe4 Nxe5
15. dxe6 fxe6 16. Rfe1 Bc5 17. Rad1 fxg3 18. hxg3 Ng4 19. f3 e5 20. fxg4 Bxg4
21. Na4 Bxd4+ 22. Rxd4 exd4 23. Qc4+ Rf7 24. Bd5 Rd8 25. Nc3 Bf3 26. Bxf7+ Qxf7
27. Qxf7+ Kxf7 28. Rf1 dxc3 29. Rxf3+ Kg6 30. Rxc3 Rd1+ 31. Kg2 Rd2+ 32. Kh3
Rxb2 33. Rc7 a5 34. a4 Rb4 35. g4 Rxa4 36. Rxb7 Rb4 37. Ra7 a4 38. Kh4 h6 39.
Ra6+ Kg7 40. Kh5 Rb5+ 1/2-1/2

[Event "24th ch-EUR Indiv w 2024"]
[Site "Rhodes GRE"]
[Date "2024.04.20"]
[Round "2.12"]
[White "Toncheva, Nadya"]
[Black "Buksa, Nataliya"]
[Result "1-0"]
[WhiteTitle "FM"]
[BlackTitle "IM"]
[WhiteElo "2258"]
[BlackElo "2394"]
[WhiteFideId "2924056"]
[BlackFideId "14123622"]
[EventDate "2024.04.19"]

1. e4 e5 2. Nf3 Nc6 3. Bb5 a6 4. Ba4 Nge7 5. c3 Ng6 6. d4 exd4 7. cxd4 Bb4+ 8.
Nc3 d5 9. exd5 Bxc3+ 10. bxc3 Qxd5 11. Qe2+ Qe6 12. Qxe6+ Bxe6 13. O-O O-O 14.
h4 h6 15. Re1 Rfe8 16. Bd2 b5 17. Bb3 Bc4 18. Bxc4 bxc4 19. Rab1 Rxe1+ 20. Nxe1
Nge7 21. Nc2 Nd5 22. Ne3 Nb6 23. d5 Nxd5 24. Nxc4 Kf8 25. Kf1 Ke7 26. Ne3 Nxe3+
27. Bxe3 Rb8 28. Rxb8 Nxb8 29. Bf4 Kd7 30. h5 Nc6 31. Ke2 Nd8 32. Kd3 Ne6 33.
Be3 Kd6 34. Ke4 Nc5+ 35. Kf5 Kd5 36. g4 Nb7 37. c4+ Kxc4 38. Ke5 Nc5 39. Kf5 Ne6
40. Ke5 Kd3 41. Kd5 a5 42. a4 Kc3 43. f4 Kd3 44. Bc1 Kc2 45. Be3 Kd3 46. Bc1 c5
47. f5 Nd4 48. f6 gxf6 49. Bxh6 c4 50. Bc1 Ne6 51. h6 Nf8 52. Kc5 Ng6 53. h7 c3
54. Kb5 Ke4 55. Kxa5 f5 56. gxf5 Kxf5 57. Kb6 Kf6 58. Bh6 c2 59. a5 c1=Q 60.
Bxc1 Kg7 61. a6 Ne7 62. Kb7 1-0

[Event "24th ch-EUR Indiv w 2024"]
[Site "Rhodes GRE"]
[Date "2024.04.20"]
[Round "2.13"]
[White "Bulmaga, Irina"]
[Black "Hryzlova, Sofiia"]
[Result "1-0"]
[WhiteTitle "IM"]
[BlackTitle "WIM"]
[WhiteElo "2394"]
[BlackElo "2251"]
[WhiteFideId "13903063"]
[BlackFideId "14174669"]
[EventDate "2024.04.19"]

1. e4 e6 2. d4 d5 3. Nc3 Nf6 4. e5 Nfd7 5. f4 c5 6. Nf3 Nc6 7. Be3 cxd4 8. Nxd4
Qb6 9. Qd2 Qxb2 10. Rb1 Qa3 11. Bb5 Nxd4 12. Bxd4 a6 13. Bxd7+ Bxd7 14. Rb3 Qe7
15. Rxb7 Rc8 16. O-O Qd8 17. Rf2 Bc5 18. Rb3 Bxd4 19. Qxd4 O-O 20. f5 exf5 21.
Nxd5 Be6 22. Rd3 Bxd5 23. Qxd5 Qb6 24. Qb3 Qc5 25. Rd5 Qa7 26. Qd3 Rb8 27. c4 g6
28. c5 Rfc8 29. Qd4 Qb7 30. h3 Qb1+ 31. Kh2 Qb4 32. Qe3 Rc6 33. Rf4 Qb2 34. Rd6
Rbc8 35. e6 Rxc5 36. e7 Rc2 37. Rd8+ Kg7 38. Qd4+ 1-0

[Event "24th ch-EUR Indiv w 2024"]
[Site "Rhodes GRE"]
[Date "2024.04.20"]
[Round "2.14"]
[White "Starosta, Martyna"]
[Black "Maltsevskaya, Aleksandra"]
[Result "1-0"]
[WhiteTitle "WFM"]
[BlackTitle "IM"]
[WhiteElo "2254"]
[BlackElo "2393"]
[WhiteFideId "21818754"]
[BlackFideId "24174041"]
[EventDate "2024.04.19"]

1. d4 Nf6 2. c4 c5 3. d5 b5 4. cxb5 a6 5. e3 g6 6. Nc3 Bg7 7. e4 O-O 8. a4 Bb7
9. Bg5 Qa5 10. Bd2 Qc7 11. Bc4 e6 12. Nge2 axb5 13. Nxb5 Qe5 14. Bf4 Qh5 15. Nc7
Ra7 16. Bd6 Rc8 17. Bxc5 Rxc7 18. Bxa7 Rxc4 19. Bxb8 Rxe4 20. f3 Rb4 21. dxe6
fxe6 22. O-O Ba6 23. Qd6 Bf8 24. Qxa6 Rxb8 25. Kh1 Rb4 26. Ng3 Qg5 27. Rae1 Rh4
28. Ne4 Rxh2+ 29. Kxh2 Qh4+ 30. Kg1 Nxe4 31. Rxe4 Bc5+ 32. Rf2 Qxf2+ 33. Kh2
Qg1+ 34. Kh3 Bf2 35. Qc8+ Kg7 36. Qxd7+ Kh6 37. Qd2+ Kg7 38. Qf4 Qh1+ 39. Qh2
Qb1 40. Qe5+ Kh6 41. Qf4+ Kg7 42. Rxe6 1-0

[Event "24th ch-EUR Indiv w 2024"]
[Site "Rhodes GRE"]
[Date "2024.04.20"]
[Round "2.15"]
[White "Milliet, Sophie"]
[Black "Lehaci, Miruna-Daria"]
[Result "1-0"]
[WhiteTitle "IM"]
[BlackTitle "WIM"]
[WhiteElo "2392"]
[BlackElo "2242"]
[WhiteFideId "623725"]
[BlackFideId "1234765"]
[EventDate "2024.04.19"]

1. d4 Nf6 2. c4 e6 3. Nf3 c5 4. d5 d6 5. Nc3 exd5 6. cxd5 g6 7. h3 Bg7 8. e4 O-O
9. Be3 Re8 10. Nd2 a6 11. a4 Nxe4 12. Ncxe4 f5 13. Be2 fxe4 14. Nc4 Rf8 15. Qb3
Qf6 16. Nb6 Qxb2 17. Qxb2 Bxb2 18. Rb1 Bc3+ 19. Bd2 Bxd2+ 20. Kxd2 Ra7 21. a5
Bd7 22. Ke3 Bb5 23. Bg4 Rd8 24. Kxe4 Nd7 25. Bxd7 Bxd7 26. Kf4 Bb5 27. Rhe1 Raa8
28. Nxa8 Rxa8 29. Re7 Rf8+ 30. Kg3 Rb8 31. Rbe1 Bc4 32. Rc7 Bxd5 33. Ree7 Kf8
34. Red7 c4 35. Rxd6 Bc6 36. Rd4 Re8 37. Rxc4 Re5 38. Rxh7 Rxa5 39. Rd4 Rg5+ 40.
Kf4 Rf5+ 41. Ke3 Kg8 42. Rc7 a5 43. Rd8+ Rf8 44. Rxf8+ Kxf8 45. g4 a4 46. f4 Ke8
47. Kd4 Kd8 48. Rg7 a3 49. Kc3 Bd5 50. h4 b5 51. Rxg6 Bc4 52. Kb4 a2 53. Ra6 Ke7
54. h5 Kf7 55. g5 Kg7 56. Ra7+ 1-0

[Event "24th ch-EUR Indiv w 2024"]
[Site "Rhodes GRE"]
[Date "2024.04.20"]
[Round "2.16"]
[White "Sandu, Mihaela"]
[Black "Kiolbasa, Oliwia"]
[Result "0-1"]
[WhiteTitle "WGM"]
[BlackTitle "IM"]
[WhiteElo "2253"]
[BlackElo "2386"]
[WhiteFideId "1204327"]
[BlackFideId "1154613"]
[EventDate "2024.04.19"]

1. e4 c5 2. Nf3 Nc6 3. d4 cxd4 4. Nxd4 Nf6 5. Nc3 d6 6. Bg5 e6 7. Qd2 a6 8.
O-O-O Bd7 9. Kb1 Nxd4 10. Qxd4 Be7 11. h4 Qc7 12. h5 h6 13. Bh4 b5 14. f3 Rc8
15. Qd2 b4 16. Ne2 e5 17. g4 Be6 18. Ng3 Qa5 19. b3 Rc5 20. Nf5 Bxf5 21. gxf5 d5
22. Bd3 Qa3 23. Rh2 d4 24. Qc1 Qxc1+ 25. Rxc1 a5 26. Rg1 Rg8 27. Be1 Nh7 28. a3
bxa3 29. b4 axb4 30. Bxb4 Rc7 31. Bd2 Ng5 32. Rf1 Rb7+ 33. Ka1 Kd7 34. f4 exf4
35. e5 Bb4 36. Rxf4 Bc3+ 37. Bxc3 dxc3 38. Rd4+ Ke7 39. Rh1 Rgb8 40. Ra4 Nh3 41.
f6+ gxf6 42. exf6+ Kxf6 43. Rxa3 Ng5 44. Bc4 Kg7 45. Ba2 f5 46. Rf1 Re7 47. Bb3
Rf8 48. Rf4 Ne4 49. Bd5 Rb8 50. Rf1 Ng3 51. Rg1 f4 52. Ra4 Rf8 53. Ka2 Re5 54.
Bf3 Rb5 55. Rd1 Rf7 56. Rdd4 Nxh5 57. Rab4 Rxb4 58. Rxb4 Ng3 59. Kb3 h5 60. Kxc3
h4 61. Bg4 f3 62. Bh3 Ne2+ 63. Kd2 Nf4 64. Bg4 f2 65. Rb1 h3 66. Bf3 Ng2 67. Ke2
Ne1 68. Kxf2 Nxf3 69. Kg3 h2 70. c4 Rf6 71. Rh1 Kf7 72. c5 Ke7 73. Rd1 Rg6+ 74.
Kxf3 Rg1 0-1

[Event "24th ch-EUR Indiv w 2024"]
[Site "Rhodes GRE"]
[Date "2024.04.20"]
[Round "2.17"]
[White "Vega Gutierrez, Sabrina"]
[Black "Borosova, Zuzana"]
[Result "1/2-1/2"]
[WhiteTitle "IM"]
[BlackTitle "WGM"]
[WhiteElo "2383"]
[BlackElo "2225"]
[WhiteFideId "2219026"]
[BlackFideId "14905779"]
[EventDate "2024.04.19"]

1. e4 c6 2. d4 d5 3. e5 Bf5 4. Nf3 e6 5. c3 Nd7 6. Be2 a5 7. Nbd2 h6 8. Nf1 Qc7
9. Ne3 Bh7 10. O-O Ne7 11. Bd3 Bxd3 12. Qxd3 f6 13. exf6 gxf6 14. c4 Kf7 15.
cxd5 cxd5 16. Nh4 Rg8 17. Qe2 f5 18. Re1 Ra6 19. Bd2 Nf6 20. Rac1 Qd6 21. Nf3
Ng6 22. Ne5+ Nxe5 23. dxe5 Qxe5 24. Qb5 Qb8 25. Nf1 Bd6 26. Bc3 Rd8 27. Qe2 Bf4
28. Bxf6 Kxf6 29. Rc3 Rg8 30. g3 Qe8 31. Rf3 Bb8 32. Ne3 Qd7 33. Qd2 Kg6 34. Nc2
Rc8 35. Nd4 Ba7 36. Rfe3 Bxd4 37. Qxd4 Rac6 38. Kg2 Kf7 39. Qh4 Kg7 40. g4 fxg4
41. Qxg4+ Kh7 42. Rxe6 Rxe6 43. Qxe6 Rg8+ 44. Kf1 Qb5+ 45. Qe2 Qxe2+ 46. Rxe2
Kg6 47. Re6+ Kf5 48. Rxh6 Rc8 49. Rb6 Ke4 50. h4 Kd3 51. Rxb7 d4 52. Rd7 Rh8 53.
Rd5 Rxh4 54. Rxa5 Rh1+ 55. Kg2 Rb1 56. Rb5 Ke2 57. Re5+ Kd2 58. Kf3 d3 59. Rb5
Ke1 60. Ke3 d2 61. Rh5 d1=N+ 62. Kd4 Rxb2 63. f4 Rxa2 64. f5 Ra4+ 65. Kd3 Rf4
66. Rh1+ Kf2 67. Rxd1 Rxf5 68. Ke4 1/2-1/2

[Event "24th ch-EUR Indiv w 2024"]
[Site "Rhodes GRE"]
[Date "2024.04.20"]
[Round "2.18"]
[White "Daulyte-Cornette, Deimante"]
[Black "Jarocka, Liwia"]
[Result "1/2-1/2"]
[WhiteTitle "IM"]
[BlackTitle "FM"]
[WhiteElo "2381"]
[BlackElo "2212"]
[WhiteFideId "12802859"]
[BlackFideId "21807558"]
[EventDate "2024.04.19"]

1. e4 c6 2. d4 d5 3. e5 Bf5 4. h4 h5 5. c4 e6 6. Nc3 dxc4 7. Bxc4 Nd7 8. Nge2
Be7 9. g3 Nh6 10. Bf4 Bg6 11. Bxh6 Rxh6 12. O-O Bxh4 13. gxh4 Qxh4 14. Ng3 O-O-O
15. Qe2 Nb6 16. Bb3 Qh3 17. Qe3 Bh7 18. Nce2 h4 19. Nf4 Qg4 20. Bd1 Qg5 21. Nh5
Qxe3 22. fxe3 hxg3 23. Nxg3 Bg6 24. Bb3 Rdh8 25. Rf2 Rh3 26. Rg2 Nd5 27. Kf2 Rh2
28. Rg1 Kc7 29. a3 Ne7 30. Nf1 R2h4 31. Nd2 Rh1 32. Nf3 Rxg1 33. Rxg1 Rh3 34.
Kg2 Rh6 35. Kf2 Kd7 36. Bc4 Rh3 37. Bf1 Rh7 38. Nd2 Nf5 39. Bg2 Kc7 40. b4 Rh2
41. Nf3 Rh8 42. Rc1 a6 43. Nd2 Rf8 44. Ne4 Nh4 45. Bh1 f6 46. exf6 Bxe4 47. Bxe4
Rxf6+ 48. Ke2 Nf5 49. Rg1 g6 50. Bd3 Kd6 51. Be4 Ne7 52. Rg5 Rf8 53. Rg2 Rf6 54.
Rg5 b5 55. a4 Nd5 56. Bxd5 cxd5 57. axb5 axb5 58. Rg1 Rf8 59. Rxg6 Ra8 60. Rg1
Ra2+ 61. Kd3 Ra3+ 62. Kc2 Rxe3 63. Ra1 Kc6 64. Ra6+ Kb7 65. Rd6 Ka7 66. Rd7+ Kb6
67. Rd6+ Kc7 68. Ra6 e5 69. dxe5 Rxe5 70. Kc3 Re4 71. Rh6 Rc4+ 72. Kb3 d4 73.
Rg6 Rc6 74. Rg5 Rc3+ 75. Kb2 Kc6 76. Rh5 Re3 77. Rc5+ Kb6 78. Rd5 Re2+ 79. Kc1
Re4 80. Kd2 d3 81. Kc3 Rc4+ 82. Kb3 1/2-1/2

[Event "24th ch-EUR Indiv w 2024"]
[Site "Rhodes GRE"]
[Date "2024.04.20"]
[Round "2.19"]
[White "Manko, Mariia"]
[Black "Fataliyeva, Ulviyya"]
[Result "0-1"]
[WhiteTitle "WFM"]
[BlackTitle "IM"]
[WhiteElo "2251"]
[BlackElo "2377"]
[WhiteFideId "14199220"]
[BlackFideId "13403052"]
[EventDate "2024.04.19"]

1. d4 Nf6 2. c4 e6 3. g3 d5 4. Bg2 Be7 5. Nf3 O-O 6. O-O dxc4 7. Qc2 a6 8. a4
Bd7 9. Qxc4 Bc6 10. Bg5 Bd5 11. Qc2 Be4 12. Qc1 Nc6 13. e3 Bb4 14. Qc4 Qd5 15.
Qxd5 Nxd5 16. h4 f6 17. Bf4 h6 18. h5 Rad8 19. Rc1 Na5 20. Nc3 Bxc3 21. bxc3 Nb3
22. c4 Nxf4 23. gxf4 Nxa1 24. Rxa1 c6 25. a5 e5 26. Rd1 exf4 27. exf4 Rd6 28.
Nh4 Re8 29. Rd2 Bxg2 30. Kxg2 c5 31. Nf5 Rd7 32. d5 Re4 33. Kg3 Rxc4 34. d6 Rc3+
35. f3 c4 36. Rd5 Kf7 37. Kg4 Rc1 38. Ne3 c3 39. Kf5 Rb1 40. Ke4 Rb4+ 41. Kd3
Rxf4 42. Kxc3 Rxf3 43. Kd4 Ke6 44. Nc4 Rd3+ 0-1

[Event "24th ch-EUR Indiv w 2024"]
[Site "Rhodes GRE"]
[Date "2024.04.20"]
[Round "2.20"]
[White "Prado Acebo, Ines"]
[Black "Balajayeva, Khanim"]
[Result "1/2-1/2"]
[WhiteTitle "WFM"]
[BlackTitle "IM"]
[WhiteElo "2229"]
[BlackElo "2371"]
[WhiteFideId "22251235"]
[BlackFideId "13406396"]
[EventDate "2024.04.19"]

1. d4 Nf6 2. c4 e6 3. Nf3 d5 4. g3 Be7 5. Bg2 O-O 6. O-O dxc4 7. Qc2 a6 8. a4
Bd7 9. Qxc4 Bc6 10. Bg5 Bd5 11. Qc2 Be4 12. Qc1 Nc6 13. Nbd2 Nxd4 14. Nxd4 Bxg2
15. Nxe6 Qd6 16. Kxg2 Qxe6 17. Nf3 h6 18. Be3 Nd5 19. Bc5 Bxc5 20. Qxc5 Rad8 21.
Rad1 Rd6 22. Rd4 Rfd8 23. Rfd1 b6 24. Qc2 c5 25. R4d2 Qg4 26. Kg1 Nb4 27. Qc3
Rxd2 28. Rxd2 Rxd2 29. Qxd2 Nc6 30. a5 1/2-1/2

[Event "24th ch-EUR Indiv w 2024"]
[Site "Rhodes GRE"]
[Date "2024.04.20"]
[Round "2.21"]
[White "Gajcin, Marina"]
[Black "Roebers, Eline"]
[Result "1-0"]
[WhiteTitle "WGM"]
[BlackTitle "IM"]
[WhiteElo "2224"]
[BlackElo "2367"]
[WhiteFideId "949086"]
[BlackFideId "1058401"]
[EventDate "2024.04.19"]

1. e4 d6 2. d4 Nf6 3. Nc3 e5 4. Nf3 Nbd7 5. Bc4 Be7 6. O-O O-O 7. a4 c6 8. Re1
h6 9. h3 Re8 10. Be3 Qc7 11. a5 exd4 12. Bxd4 Bf8 13. Ba2 Ne5 14. Nd2 Be6 15.
Bxe6 Rxe6 16. f4 Ned7 17. Qf3 c5 18. Bf2 Qc6 19. Nf1 Rae8 20. Ng3 g6 21. Qd3 h5
22. f5 Re5 23. a6 b6 24. Qc4 Kg7 25. fxg6 fxg6 26. Rad1 Nb8 27. Nd5 b5 28. Qc3
b4 29. Qf3 Nbd7 30. Rf1 Be7 31. c3 Rf8 32. Qd3 h4 33. Ne2 Rxe4 34. Nef4 Bd8 35.
Bxh4 Rfe8 36. Qg3 1-0

[Event "24th ch-EUR Indiv w 2024"]
[Site "Rhodes GRE"]
[Date "2024.04.20"]
[Round "2.23"]
[White "Guichard, Pauline"]
[Black "Pavlidou, Ekaterini"]
[Result "1-0"]
[WhiteTitle "IM"]
[BlackTitle "WIM"]
[WhiteElo "2362"]
[BlackElo "2201"]
[WhiteFideId "639370"]
[BlackFideId "4213262"]
[EventDate "2024.04.19"]

1. d4 d5 2. c4 e6 3. Nc3 Nf6 4. cxd5 exd5 5. Bg5 c6 6. e3 h6 7. Bh4 Be7 8. Bd3
O-O 9. Nge2 Ne8 10. Bg3 Nd6 11. Qc2 Re8 12. O-O Bf8 13. b4 Na6 14. Rfb1 Nc7 15.
b5 Bd7 16. a4 Rc8 17. b6 axb6 18. Rxb6 Na8 19. Rbb1 b6 20. Kh1 h5 21. Ng1 h4 22.
Bf4 c5 23. Nxd5 cxd4 24. Qe2 Ne4 25. f3 Nc5 26. e4 Bxa4 27. Bc4 d3 28. Qa2 Re6
29. Nh3 b5 30. Bxb5 Bc2 31. Rb2 Nb6 32. Bg5 Qd6 33. Nxb6 Qxb6 34. Bxd3 Qxb2 35.
Qxb2 Nxd3 36. Qb7 Rec6 37. Bxh4 Nc5 38. Qb2 Nd3 39. Qb7 Nc5 40. Qa7 R8c7 41. Qb8
Rc8 42. Qf4 Nd3 43. Qg5 Bb3 44. g4 Bd6 45. Bf2 Be5 46. Rb1 Ba2 47. Rd1 Bc4 48.
Rxd3 Bxd3 49. Qxe5 Bf1 50. Bd4 f6 51. Qd5+ Kh7 52. Qh5+ Kg8 53. Qd5+ Kh7 54. Be3
Rc3 55. Qf5+ Kg8 56. Qd5+ Kh7 57. Nf4 R8c4 58. Qh5+ Kg8 59. Qe8+ Kh7 60. Qg6+
Kg8 61. Nh5 Rc7 62. Nxf6+ 1-0

[Event "24th ch-EUR Indiv w 2024"]
[Site "Rhodes GRE"]
[Date "2024.04.20"]
[Round "2.24"]
[White "Wikar, Martyna"]
[Black "Gaal, Zsoka"]
[Result "1-0"]
[WhiteTitle "WIM"]
[BlackTitle "WIM"]
[WhiteElo "2214"]
[BlackElo "2356"]
[WhiteFideId "21807663"]
[BlackFideId "777765"]
[EventDate "2024.04.19"]

1. e4 c6 2. Nc3 d5 3. Nf3 Bg4 4. h3 Bxf3 5. Qxf3 Nf6 6. Be2 e6 7. O-O Be7 8. d3
Nbd7 9. Qg3 O-O 10. Kh1 a5 11. f4 a4 12. a3 b5 13. f5 d4 14. Nb1 Qb8 15. Bf4 e5
16. Bg5 Kh8 17. Nd2 Qd8 18. h4 h6 19. Qh3 Kg8 20. Nf3 hxg5 21. hxg5 Nxe4 22.
dxe4 Bxg5 23. g3 Bh6 24. Kg2 Nf6 25. Qh4 Re8 26. Rh1 Rb8 27. Rh2 c5 28. Rah1 Rb6
29. g4 Nxe4 30. g5 Nxg5 31. Nxg5 e4 32. Qg4 Kf8 33. Nh7+ Ke7 34. f6+ gxf6 35.
Kf1 Bc1 36. Rh5 Kd6 37. Rf5 Re6 38. Qg3+ Kc6 39. Rhh5 Qd6 40. Rxc5+ Kb7 41. Qg8
Ka7 42. Rc8 Kb7 43. Rcc5 Ka7 44. Rhd5 Rb8 45. Rxd6 Rxg8 46. Rd7+ Ka8 47. Bxb5
Be3 48. Rcc7 d3 49. cxd3 exd3 50. Bxd3 Rg1+ 51. Ke2 Bb6+ 52. Kd2 Rg2+ 53. Kc3
Ba5+ 54. Kc4 Bxc7 55. Rxc7 Rxb2 56. Nf8 Re1 57. Rxf7 Rb3 58. Nd7 Rxa3 59. Nb6+
Kb8 60. Bf5 Raa1 61. Kb5 Re8 62. Kb4 1-0

[Event "24th ch-EUR Indiv w 2024"]
[Site "Rhodes GRE"]
[Date "2024.04.20"]
[Round "2.25"]
[White "Toma, Katarzyna"]
[Black "Brunello, Marina"]
[Result "1/2-1/2"]
[WhiteTitle "WGM"]
[BlackTitle "IM"]
[WhiteElo "2202"]
[BlackElo "2353"]
[WhiteFideId "1119907"]
[BlackFideId "822590"]
[EventDate "2024.04.19"]

1. e4 c6 2. d4 d5 3. exd5 cxd5 4. Bd3 Nc6 5. c3 e6 6. Bf4 Nge7 7. h4 Ng6 8. Bg3
Bd6 9. Qf3 e5 10. h5 e4 11. Qe3 Nge7 12. Bxd6 Qxd6 13. Bc2 O-O 14. Nh3 Bxh3 15.
Qxh3 f5 16. Nd2 Rac8 17. Bb3 Kh8 18. Nf1 f4 19. Nh2 Nf5 20. Ng4 f3 21. g3 e3 22.
Nxe3 Rce8 23. O-O Nxe3 24. fxe3 Rxe3 25. Rf2 Na5 26. Raf1 Nxb3 27. axb3 h6 28.
Qg4 Qf6 29. Kh2 a5 30. Kh3 b6 31. Qg6 Qd8 32. Qg4 Qf6 33. Qg6 Qxg6 34. hxg6 Rf6
35. g4 Kg8 36. Kg3 Rxg6 37. Rxf3 Rge6 38. c4 R3e4 39. Rd1 Rd6 40. Rf4 Re3+ 41.
Rf3 Re2 42. Rf2 Rxf2 43. Kxf2 Kf7 44. Kf3 Rf6+ 45. Kg3 Re6 46. Kf3 Ke7 47. cxd5
Rg6 48. Rc1 Kd7 49. Rc3 Rg5 50. Rc6 Rxd5 51. Rxb6 Rxd4 52. Rb7+ Ke6 1/2-1/2

[Event "24th ch-EUR Indiv w 2024"]
[Site "Rhodes GRE"]
[Date "2024.04.20"]
[Round "2.26"]
[White "Dornbusch, Tatiana"]
[Black "Zawadzka, Jolanta"]
[Result "1/2-1/2"]
[WhiteTitle "WGM"]
[BlackTitle "WGM"]
[WhiteElo "2199"]
[BlackElo "2351"]
[WhiteFideId "14107449"]
[BlackFideId "1122320"]
[EventDate "2024.04.19"]

1. d4 d5 2. Nf3 Nf6 3. g3 Bf5 4. Bg2 e6 5. O-O h6 6. c4 c6 7. Nc3 Nbd7 8. a4 Be7
9. a5 O-O 10. Qb3 b6 11. Bf4 Ne4 12. cxd5 Nxc3 13. Qxc3 cxd5 14. Bc7 Qc8 15.
Rfc1 bxa5 16. Bxa5 Qb7 17. Qc7 Rfb8 18. Qxb7 Rxb7 19. Rc7 Rab8 20. Rxb7 Rxb7 21.
Bc3 f6 22. Nd2 Kf7 23. f3 Bh7 24. e4 Nb6 25. Bh3 Bd6 26. Ra6 Ke7 27. Ra1 Rc7 28.
Kf2 Bg6 29. Re1 dxe4 30. Nxe4 Bf7 31. Nc5 Bxc5 32. dxc5 Nd5 33. Bd4 Nb4 34. Bf5
Kd7 35. Be4 e5 36. Be3 Bd5 37. Bf5+ Kc6 38. Ra1 Rb7 39. Bd2 Kxc5 40. Be3+ Kb5
41. Rxa7 Rxa7 42. Bxa7 Kc4 43. Ke3 Bf7 44. Be4 Bd5 45. Bg6 Nc6 46. Bd3+ Kb3 47.
Bc5 Nd4 48. f4 Ne6 49. Ba3 exf4+ 50. gxf4 g5 51. f5 Nf4 52. Bc5 Nxd3 53. Kxd3
Bc6 54. Bd4 Bd7 55. Ke4 Bc6+ 56. Ke3 Bd7 57. Ke4 Bc6+ 58. Ke3 1/2-1/2

[Event "24th ch-EUR Indiv w 2024"]
[Site "Rhodes GRE"]
[Date "2024.04.20"]
[Round "2.27"]
[White "Garcia Martin, Marta"]
[Black "Aydin, Gulenay"]
[Result "1-0"]
[WhiteTitle "IM"]
[BlackTitle "WFM"]
[WhiteElo "2349"]
[BlackElo "2195"]
[WhiteFideId "32084030"]
[BlackFideId "34557431"]
[EventDate "2024.04.19"]

1. e4 c5 2. Nf3 e6 3. d4 cxd4 4. Nxd4 Nc6 5. Nc3 Qc7 6. f4 d6 7. Be3 Nf6 8. Qe2
a6 9. O-O-O Bd7 10. g4 b5 11. g5 b4 12. Nd5 Nxd5 13. exd5 Nxd4 14. Bxd4 Be7 15.
Bxg7 Rg8 16. Bd4 Bb5 17. Qe4 Rc8 18. dxe6 fxe6 19. Qxh7 Kd7 20. Bh3 Bc4 21. Bf6
Rge8 22. b3 Qa5 23. bxc4 Rxc4 24. Bxe6+ 1-0